Даты ИстРоса #9: 1725-1762 - Statistics

General Stats
  • This quiz has been taken 6 times
    3 since last reset
  • The average score is 32 of 43
Answer Stats
Событие Дата % Correct
Открытие академии наук 1725
100%
Правление Екатерины Алексеевны 1725-1727
100%
Создание ВТС 1726
100%
Ссылка А.Д. Меншикова 1727
100%
Царствование Петра Алексеевича 1727-1730
100%
Рештский мир 1732
100%
Взятие Гданьска Минихом 1734
100%
Приравнивание трех подписей кабинет-министров к царской подписи 1735
100%
Гянджинский трактат 1735
100%
Русско-турецкая 1735-1739
100%
Захват Очакова 1737
100%
Битва при Ставучанах 1739
100%
Белградский мир 1739
100%
Свержение Бирона 1740
100%
Правление Иоанна Антоновича 1740-1741
100%
Русско-шведская война 1741-1743
100%
Абоский мир 1743
100%
Открытие Дворянского банка 1754
100%
Основание Московского университета 1755
100%
Семилетняя война 1756-1763
100%
Основание Академии художеств 1757
100%
Сражение при Гросс-Егесрдорфе 1757
100%
Взятие Кенигсберга 1758
100%
Битва при Кунесдорфе 1759
100%
Взятие Берлина 1760
100%
Правление Петра III 1761-1762
100%
Манифест о вольности дворянской 1762
100%
Смерть Августа II 1733
67%
Захват Азова и Бахчисарая 1736
67%
Генеральное межевание 1754
67%
Дворянская монополия на винокурение 1754
67%
Отмена внутренних таможен 1754
67%
Кяхтинский мир 1727
33%
Создание канцелярии тайных розыскных дел 1731
33%
Манифест об ограничении обязательной службы дворян 25 годами 1736
33%
Право помещиков ссылать крепостных в Сибирь 1760
33%
Петербургский мир 1762
33%
Венский мир 1726
0%
Отмена указа о единонаследии 1730
0%
Запрет для крепостных записывать свое имущество на свое имя 1730
0%
Правление Елизаветы Петровны 1741-1762
0%
Восстановление Главного магистрата 1743
0%
Наименование Троице-Сергиева монастыря лаврой 1744
0%
No matching quizzes found
Score Distribution
Percent of People with Each Score
Percentile by Number Answered
Your Score History
You have not taken this quiz since the last reset